000 00648nam a2200241 4500
003 OSt
005 20260530115301.0
008 260504b19961998-hka|||| |||| 00| 0 eng d
020 _a1840912162
040 _aICI
_bspa
_cICI
041 _aeng
050 _aNK1390
_bC645
100 1 _aConran, Terence,
_eautor
245 1 0 _aTerence Conran on design
246 3 0 _aDesign
264 1 _bConran Octopus,
_cc1996
_aLondon :
300 _a285 páginas :
_bhojas (algunas a color)
336 _atexto
_2rdacontent
337 _asin medio
_2rdamedia
338 _avolumen
_2rdacarrier
650 0 _aDiseño
_xHistoria
_ySiglo XX
_93189
942 _2lcc
_cBK
999 _c12844
_d12844